000 01515nam a2200373 a 4500
003 BLK
005 20240103094723.0
007 ta
008 180411b bul|||||r ||||||| ||bul||
020 _a9789543994755
040 _aBLK
041 _aBUL
_cBUL
080 _aАмериканска литература (на САЩ)
_b821.111(73)
_x-31
_z821.111(73)-31
100 1 _aДжефрис, Сабрина
_9336074
245 1 0 _aЗавръщането на негодника
_bРоман
_cСабрина Джефрис ; прев. Мариана Христова.
250 _a2. изд.
260 _bСББ Медиа
_c2023
_aСофия
_9219405
300 _a299 с.
_c20 см
380 _aX
490 _aИсторически любовни романи
_v5
_9203324
500 _aОриг. загл.: When the rogue returns / Sabrina Jeffries 1. изд. 2015 на изд. Kalpazanov Кн. 2 от поредицата Хората на херцога Кн. се разпространява с изд. на SBB Media
700 _aХристова, Мариана Тошкова
_d1981-
_eпрев.
_9381272
852 _aЦб 321103
_bЦб
856 4 _qpdf
_i0.00
_ldisable
856 4 _qpdf
_i0.00
_ldisable
942 _cKNG
_n0
_s1
_09
944 _cНора Радева
_k30545
_lНора Радева
999 _c499738
_d499738
999 _d499738
999 _d169071
999 _d169071
999 _d169071
999 _d169071